| 000 | 00747nam a2200241Ia 4500 | ||
|---|---|---|---|
| 001 | 230 | ||
| 005 | 20251203123020.0 | ||
| 008 | 251203t1990||||xx |||||||||||||| ||spa|| | ||
| 020 | _a8401612763 | ||
| 041 | _aESP | ||
| 082 |
_aRO 985 _bC91 |
||
| 110 | _aPlaza & Janes Editores | ||
| 245 | 0 |
_aCrónica de América : _bTomos 1-4 |
|
| 260 |
_aEsplugues de Llobregat : _bPlaza & Janes Editores, _c1990 |
||
| 300 |
_a763 páginas : _b figuras ; _c 30 cm. _e |
||
| 440 |
_a _n _v |
||
| 500 | _aEdición especial denominada : "Especial Perú" | ||
| 505 | _aContiene: Tomo 1: 3900 a. de C.- 1620; Tomo 2: 1620-1852; Tomo 3: 1852-1948; Tomo 4: 1948-1989 | ||
| 650 | _aGEH | ||
| 653 | _aHistoria del Perú | ||
| 654 | _aCTP | ||
| 942 |
_cLIB _dJUS _fTRC _2ddc _n |
||
| 999 |
_c230 _d230 |
||